BIBLIOTECA

SENCICO

Manual de instalaciones contra incendios (Registro nro. 3513)

Detalles MARC
000 -LEADER
fixed length control field 00709nam a2200193Ia 4500
005 - DATE AND TIME OF LATEST TRANSACTION
control field 20251020182616.0
008 - FIXED-LENGTH DATA ELEMENTS--GENERAL INFORMATION
fixed length control field 200515s9999 xx 000 0 und d
082 ## - DEWEY DECIMAL CLASSIFICATION NUMBER
Classification number SC/693.9/B57
100 ## - MAIN ENTRY--PERSONAL NAME
Personal name BLANES, Octavio
245 #0 - TITLE STATEMENT
Title Manual de instalaciones contra incendios
260 ## - PUBLICATION, DISTRIBUTION, ETC.
Place of publication, distribution, etc. Barcelona
260 ## - PUBLICATION, DISTRIBUTION, ETC.
Date of publication, distribution, etc. 1980
300 ## - PHYSICAL DESCRIPTION
Extent 150
520 ## - SUMMARY, ETC.
Summary, etc. Recopila las fases normales para combatir con eficacia los incendios. Para ello hay que considerar: 1. Características del fuego que pueda producirse determinado por la combustibilidad del producto, la carga calorífica que puede producir, etc. 2. El deter
650 ## - SUBJECT ADDED ENTRY--TOPICAL TERM
Topical term or geographic name entry element INCENDIOS
650 ## - SUBJECT ADDED ENTRY--TOPICAL TERM
Topical term or geographic name entry element MANUALES
650 ## - SUBJECT ADDED ENTRY--TOPICAL TERM
Topical term or geographic name entry element PROTECCION CONTRA INCENDIOS
942 ## - ADDED ENTRY ELEMENTS (KOHA)
Koha item type Libros
Existencias
Fecha de la última vez que lo usaron Pago total Signatura topográfica completa Código de barras Precio efectivo desde Tipo de documento Estado perdido Estado dañado No es para préstamo Retirado Ubicación permanente Ubicación actual Fecha de adquisición
15/05/2020   SC/693.9/B57 Bib-Lima15053513 15/05/2020 Libros         Biblioteca Central Lima Biblioteca Central Lima 15/05/2020